[Event "Mecklenburg VP LL2 0506"]
[Site "Mecklenburg VP"]
[Date "2006.04.02"]
[Round "9.8"]
[White "Niessner, Robert"]
[Black "Vieten, Florian"]
[Result "1/2-1/2"]
[WhiteElo "1593"]
[BlackElo "1593"]
[PlyCount "92"]
[EventDate "2005.10.23"]
[EventType "team"]
[EventRounds "9"]
[EventCountry "GER"]
[SourceTitle "EXT 2009"]
[Source "ChessBase"]
[SourceDate "2008.11.26"]
[SourceVersion "1"]
[SourceVersionDate "2008.11.26"]
[SourceQuality "1"]
[WhiteTeam "Rostock PSV III"]
[BlackTeam "Putlitz"]
[WhiteTeamCountry "GER"]
[BlackTeamCountry "GER"]

1. e4 d5 2. exd5 Nf6 3. Nc3 Nxd5 4. Nxd5 Qxd5 5. d4 Nc6 6. c3 Bf5 7. Nf3 0-0-0 8. Be3 e5 9. dxe5 Qe4 10. Qe2 Bg4 11. Bd4 Bxf3 12. gxf3 Qxe2+ 13. Kxe2 Nxd4+ 14. cxd4 Rxd4 15. Bh3+ Kb8 16. Rhd1 Bc5 17. Bf5 Re8 18. e6 fxe6 19. Bxh7 Rh8 20. Be4 Rxh2 21. Rh1 Rxh1 22. Rxh1 c6 23. Rh5 Be7 24. Re5 Rd6 25. b3 Bf6 26. Rh5 Kc7 27. Rh8 Bg5 28. Bd3 b5 29. Rf8 Bf6 30. Rh8 b4 31. Rh5 Rd5 32. Rh8 Ra5 33. Bb1 Rc5 34. Rh1 Kd6 35. Be4 Ra5 36. Bb1 Bc3 37. Rg1 Rd5 38. Rd1 Rxd1 39. Kxd1 Ke5 40. Ke2 g5 41. Be4 c5 42. Ba8 Bb2 43. Kd3 Kf4 44. Ke2 g4 45. fxg4 Kxg4 46. f3+ Kf4 1/2-1/2

[Event "Mecklenburg VP LL2 0506"]
[Site "Mecklenburg VP"]
[Date "2005.12.11"]
[Round "4.6"]
[White "Wulff, Jens Peter"]
[Black "Niessner, Robert"]
[Result "1/2-1/2"]
[WhiteElo "1798"]
[BlackElo "1593"]
[PlyCount "31"]
[EventDate "2005.10.23"]
[EventType "team"]
[EventRounds "9"]
[EventCountry "GER"]
[SourceTitle "EXT 2009"]
[Source "ChessBase"]
[SourceDate "2008.11.26"]
[SourceVersion "1"]
[SourceVersionDate "2008.11.26"]
[SourceQuality "1"]
[WhiteTeam "Grevesmuehlen Blau Weiss"]
[BlackTeam "Rostock PSV III"]
[WhiteTeamCountry "GER"]
[BlackTeamCountry "GER"]

1. e4 c6 2. d4 d5 3. e5 Bf5 4. Bd3 Bxd3 5. Qxd3 e6 6. f4 g6 7. Nf3 Ne7 8. Be3 Nd7 9. Nbd2 Nf5 10. Bf2 h5 11. h4 Be7 12. Ng5 0-0 13. Ndf3 Qa5+ 14. c3 Qb5 15. Qxb5 cxb5 16. 0-0 1/2-1/2

[Event "Mecklenburg VP LL2 0506"]
[Site "Mecklenburg VP"]
[Date "2005.11.27"]
[Round "3.8"]
[White "Niessner, Robert"]
[Black "Lueth, Guenter"]
[Result "1/2-1/2"]
[WhiteElo "1593"]
[BlackElo "1574"]
[PlyCount "177"]
[EventDate "2005.10.23"]
[EventType "team"]
[EventRounds "9"]
[EventCountry "GER"]
[SourceTitle "EXT 2009"]
[Source "ChessBase"]
[SourceDate "2008.11.26"]
[SourceVersion "1"]
[SourceVersionDate "2008.11.26"]
[SourceQuality "1"]
[WhiteTeam "Rostock PSV III"]
[BlackTeam "Schwerin III"]
[WhiteTeamCountry "GER"]
[BlackTeamCountry "GER"]

1. e4 e6 2. d4 d5 3. exd5 exd5 4. Bd3 Nf6 5. Bf4 Nc6 6. c3 Be7 7. h3 h6 8. Nf3 a6 9. Nbd2 Na7 10. 0-0 0-0 11. Re1 Re8 12. Qc2 Bd7 13. Re2 Bb5 14. Rae1 Bxd3 15. Qxd3 Nc6 16. Qf5 g6 17. Qd3 Kg7 18. Ne5 Ng8 19. Qf3 Nxe5 20. Bxe5+ f6 21. Bg3 Qd7 22. Re6 c6 23. Qe3 Kf7 24. Nf3 Bf8 25. Rxe8 Rxe8 26. Qxe8+ Qxe8 27. Rxe8 Kxe8 28. Kf1 Kd7 29. Ke2 Ke6 30. Kd3 Ne7 31. Nd2 b5 32. b4 Nf5 33. Nb3 h5 34. Ke2 g5 35. Bc7 Kd7 36. Bb6 Nh4 37. g3 Ng6 38. Bc5 Kc7 39. Bxf8 Nxf8 40. Nc5 Kb6 41. Kf3 a5 42. a3 axb4 43. axb4 Kc7 44. Ke3 Kd6 45. f4 Ng6 46. Kf3 gxf4 47. gxf4 Nh4+ 48. Kg3 Nf5+ 49. Kf3 Nh6 50. Nb3 Ke6 51. Nd2 Kf5 52. Nb3 Ke6 53. Nd2 Kf5 54. Nf1 h4 55. Ne3+ Kg6 56. Ng4 Nf5 57. Nf2 Kh5 58. Nd3 Nd6 59. Nc5 Nc4 60. Nd7 f5 61. Ne5 Nd2+ 62. Ke3 Ne4 63. Nxc6 Nxc3 64. Na7 Na2 65. Nxb5 Nxb4 66. Nc7 Kg6 67. Kd2 Nc6 68. Kc3 Ne7 69. Kb4 Kf6 70. Kc5 Ng6 71. Nxd5+ Ke6 72. Kc6 Nf8 73. Ne3 Ng6 74. d5+ Kf6 75. Ng2 Ke7 76. d6+ Kd8 77. d7 Nf8 78. Nxh4 Nxd7 79. Nxf5 Nf8 80. Kd6 Ng6 81. h4 Nxf4 82. Ng7 Kc8 83. Kc5 Kd7 84. Kd4 Ke7 85. Ke4 Ng6 86. h5 Kf7 87. Kf5 Ne7+ 88. Kg5 Kxg7 89. h6+ 1/2-1/2

[Event "Mecklenburg VP LL2 0506"]
[Site "Mecklenburg VP"]
[Date "2005.11.13"]
[Round "2.6"]
[White "Vladov, Mark"]
[Black "Niessner, Robert"]
[Result "0-1"]
[WhiteElo "1659"]
[BlackElo "1593"]
[PlyCount "138"]
[EventDate "2005.10.23"]
[EventType "team"]
[EventRounds "9"]
[EventCountry "GER"]
[SourceTitle "EXT 2009"]
[Source "ChessBase"]
[SourceDate "2008.11.26"]
[SourceVersion "1"]
[SourceVersionDate "2008.11.26"]
[SourceQuality "1"]
[WhiteTeam "Warnemuende SF Ostsee II"]
[BlackTeam "Rostock PSV III"]
[WhiteTeamCountry "GER"]
[BlackTeamCountry "GER"]

1. Nf3 d5 2. b3 Bf5 3. Bb2 e6 4. g3 Nf6 5. Bg2 Bd6 6. Nh4 Bg4 7. f3 Bh5 8. g4 Nxg4 9. Nf5 exf5 10. fxg4 Qh4+ 11. Kf1 Qxg4 12. h3 Qf4+ 13. Kg1 c6 14. Qf1 Qxf1+ 15. Kxf1 0-0 16. Kf2 Re8 17. Bf3 Bxf3 18. Kxf3 Nd7 19. e3 Be5 20. d4 Bf6 21. h4 Re4 22. Nc3 Rxh4 23. Ne2 Re8 24. Ng3 g6 25. Rhg1 Kf8 26. Rg2 Rg4 27. c4 Bg5 28. Re1 Nf6 29. Ba3+ Kg8 30. Bd6 Bh4 31. Be5 Ne4 32. Reg1 Nxg3 33. Bxg3 Bxg3 34. Rxg3 Rxg3+ 35. Rxg3 f6 36. Rg2 Rc8 37. Rc2 Rd8 38. b4 dxc4 39. Rxc4 a6 40. a4 Rd5 41. Rc2 g5 42. Ke2 Kf7 43. Kd3 h5 44. Kc4 g4 45. Rh2 Kg6 46. Rb2 g3 47. Kd3 Kg5 48. Ke2 Kg4 49. Rb1 h4 50. Rf1 h3 51. Rf4+ Kg5 52. Kf3 g2 53. Kf2 a5 54. Rf3 f4 55. Rxh3 fxe3+ 56. Kxg2 Rxd4 57. Rxe3 Rxb4 58. Ra3 Kf4 59. Rf3+ Ke5 60. Re3+ Kd4 61. Rf3 Kc5 62. Rf5+ Kb6 63. Rxf6 Rxa4 64. Kf2 Rd4 65. Ke3 Rd5 66. Rf4 Kb5 67. Rf1 a4 68. Rb1+ Ka6 69. Rb4 b5 0-1

[Event "Rostock  PSV op 04th"]
[Site "Rostock"]
[Date "2004.08.28"]
[Round "5"]
[White "Krieg, Peter"]
[Black "Niessner, Robert"]
[Result "1-0"]
[WhiteElo "1712"]
[BlackElo "1447"]
[PlyCount "59"]
[EventDate "2004.08.26"]
[EventType "swiss"]
[EventRounds "7"]
[EventCountry "GER"]
[SourceTitle "EXT 2007"]
[Source "ChessBase"]
[SourceDate "2006.11.23"]
[SourceVersion "1"]
[SourceVersionDate "2006.11.23"]
[SourceQuality "1"]

1. e4 c6 2. d4 d5 3. f3 Nd7 4. Nc3 Nb6 5. e5 Bf5 6. g4 Bg6 7. f4 e6 8. Nf3 Bb4 9. Bd3 Bxc3+ 10. bxc3 Bxd3 11. cxd3 g6 12. a4 Ne7 13. a5 Nd7 14. h4 h5 15. Ng5 b6 16. Ba3 c5 17. dxc5 Nxc5 18. d4 Nd7 19. Bxe7 Kxe7 20. f5 Qc7 21. Qb3 exf5 22. gxf5 gxf5 23. Kd2 Qc6 24. Qb4+ Ke8 25. Rhf1 Qg6 26. Qb5 f6 27. Qc6 Ke7 28. Rae1 Kf8 29. Qxa8+ Kg7 30. exf6+ 1-0

[Event "Rostock  PSV op 04th"]
[Site "Rostock"]
[Date "2004.08.26"]
[Round "1"]
[White "Giese, Guido"]
[Black "Niessner, Robert"]
[Result "1-0"]
[WhiteElo "2031"]
[BlackElo "1447"]
[PlyCount "51"]
[EventDate "2004.08.26"]
[EventType "swiss"]
[EventRounds "7"]
[EventCountry "GER"]
[SourceTitle "EXT 2007"]
[Source "ChessBase"]
[SourceDate "2006.11.23"]
[SourceVersion "1"]
[SourceVersionDate "2006.11.23"]
[SourceQuality "1"]

1. Nc3 d5 2. e4 c6 3. d4 dxe4 4. Nxe4 Nd7 5. Nf3 Ngf6 6. Nxf6+ Nxf6 7. Ne5 Bf5 8. Bc4 e6 9. g4 Be4 10. f3 Bd5 11. Bd3 c5 12. Bb5+ Ke7 13. c4 cxd4 14. Qxd4 a6 15. Qc5+ Qd6 16. Qxd6+ Kxd6 17. Nxf7+ Ke7 18. cxd5 Kxf7 19. dxe6+ Kxe6 20. Bc4+ Kd7 21. Be3 Bd6 22. Rd1 Rhe8 23. Kf2 Rac8 24. Bb3 Ke7 25. Rhe1 Kf8 26. Rxd6 1-0

[Event "Rostock  PSV op 04th"]
[Site "Rostock"]
[Date "2004.08.26"]
[Round "2"]
[White "Niessner, Robert"]
[Black "Wiecker, Stefan"]
[Result "0-1"]
[WhiteElo "1447"]
[BlackElo "1740"]
[PlyCount "76"]
[EventDate "2004.08.26"]
[EventType "swiss"]
[EventRounds "7"]
[EventCountry "GER"]
[SourceTitle "EXT 2007"]
[Source "ChessBase"]
[SourceDate "2006.11.23"]
[SourceVersion "1"]
[SourceVersionDate "2006.11.23"]
[SourceQuality "1"]

1. e4 c6 2. d4 d5 3. e5 c5 4. c3 Nc6 5. Nf3 Bg4 6. Be2 e6 7. Be3 cxd4 8. cxd4 Qb6 9. Qb3 Qxb3 10. axb3 Bb4+ 11. Nc3 Nge7 12. 0-0 0-0 13. h3 Bxf3 14. Bxf3 Nf5 15. Rfd1 Rfc8 16. Bg4 g6 17. Rac1 Na5 18. Bxf5 gxf5 19. Nb5 a6 20. Nc3 Nxb3 21. Rb1 Bxc3 22. bxc3 Rxc3 23. Rb2 b5 24. Rdb1 Na5 25. Ra2 Nc4 26. Rba1 Nxe3 27. fxe3 a5 28. Rxa5 Rxa5 29. Rxa5 b4 30. Kf2 b3 31. Rb5 Rc2+ 32. Kf3 Rb2 33. g4 fxg4+ 34. hxg4 Kg7 35. e4 Rb1 36. exd5 exd5 37. Rb6 b2 38. Ke2 Rh1 0-1

[Event "Rostock  PSV op 03rd"]
[Site "Rostock"]
[Date "2003.08.30"]
[Round "5"]
[White "Loeke, Patrick"]
[Black "Niessner, Robert"]
[Result "1/2-1/2"]
[WhiteElo "1655"]
[BlackElo "1533"]
[PlyCount "54"]
[EventDate "2003.08.28"]
[EventType "swiss"]
[EventRounds "7"]
[EventCountry "GER"]
[SourceTitle "EXT 2009"]
[Source "ChessBase"]
[SourceDate "2008.11.26"]
[SourceVersion "1"]
[SourceVersionDate "2008.11.26"]
[SourceQuality "1"]

1. e4 c6 2. d4 d5 3. Nd2 dxe4 4. Nxe4 Nd7 5. Ng5 Ngf6 6. Bd3 h6 7. Ne6 Qb6 8. Nxf8 Nxf8 9. c3 Bg4 10. Ne2 e6 11. Qc2 Bh5 12. 0-0 Bg6 13. Nf4 Bxd3 14. Nxd3 N8d7 15. Bf4 0-0 16. Rfe1 Nh5 17. Bd6 Rfe8 18. Nf4 Nxf4 19. Bxf4 Nf6 20. Rad1 Rad8 21. Rd3 Rd5 22. Be5 Qd8 23. Bxf6 Qxf6 24. Rf3 Qg5 25. Rg3 Qf5 26. Qd2 Qf6 27. Rf3 Rf5 1/2-1/2

[Event "Rostock  PSV op 03rd"]
[Site "Rostock"]
[Date "2003.08.29"]
[Round "3"]
[White "Dekker, Teus"]
[Black "Niessner, Robert"]
[Result "1-0"]
[WhiteElo "1852"]
[BlackElo "1533"]
[PlyCount "25"]
[EventDate "2003.08.28"]
[EventType "swiss"]
[EventRounds "7"]
[EventCountry "GER"]
[SourceTitle "EXT 2009"]
[Source "ChessBase"]
[SourceDate "2008.11.26"]
[SourceVersion "1"]
[SourceVersionDate "2008.11.26"]
[SourceQuality "1"]

1. c4 e6 2. Nc3 d5 3. d4 c6 4. e4 Bb4 5. cxd5 cxd5 6. e5 Ne7 7. Bd3 Bxc3+ 8. bxc3 b6 9. Nf3 0-0 10. Bxh7+ Kh8 11. Ng5 g6 12. Qf3 Kg7 13. Qf6+ 1-0

[Event "Mecklenburg VP LL2 Ost 0102"]
[Site "Mecklenburg VP"]
[Date "2002.03.17"]
[Round "7.5"]
[White "Jasinski, Viktor"]
[Black "Niessner, Robert"]
[Result "1/2-1/2"]
[WhiteElo "1623"]
[BlackElo "1296"]
[PlyCount "34"]
[EventDate "2001.10.07"]
[EventType "team-tourn"]
[EventRounds "9"]
[EventCountry "GER"]
[SourceTitle "EXT 2003"]
[Source "ChessBase"]
[SourceDate "2002.11.25"]
[SourceVersion "1"]
[SourceVersionDate "2002.11.25"]
[SourceQuality "1"]
[WhiteTeam "Wolgast Motor"]
[BlackTeam "Rostock PSV II"]
[WhiteTeamCountry "GER"]
[BlackTeamCountry "GER"]

1. d4 d5 2. c4 c6 3. Nf3 Nf6 4. e3 Bf5 5. Nc3 e6 6. cxd5 cxd5 7. Bb5+ Nbd7 8. h3 a6 9. Bd3 Bxd3 10. Qxd3 Bd6 11. 0-0 0-0 12. Bd2 Rc8 13. Rac1 Nb6 14. Rc2 Rc7 15. Rfc1 Qe7 16. Ne2 Rfc8 17. Rxc7 Rxc7 1/2-1/2

[Event "Mecklenburg VP LL2 Ost 0102"]
[Site "Mecklenburg VP"]
[Date "2002.02.03"]
[Round "5.8"]
[White "Niessner, Robert"]
[Black "Assmann, Hans"]
[Result "1-0"]
[WhiteElo "1296"]
[BlackElo "1558"]
[PlyCount "53"]
[EventDate "2001.10.07"]
[EventType "team-tourn"]
[EventRounds "9"]
[EventCountry "GER"]
[SourceTitle "EXT 2003"]
[Source "ChessBase"]
[SourceDate "2002.11.25"]
[SourceVersion "1"]
[SourceVersionDate "2002.11.25"]
[SourceQuality "1"]
[WhiteTeam "Rostock PSV II"]
[BlackTeam "Stralsund FHSG II"]
[WhiteTeamCountry "GER"]
[BlackTeamCountry "GER"]

1. e4 c5 2. Nf3 Nc6 3. d4 cxd4 4. Nxd4 Nf6 5. Nc3 a6 6. Be2 e5 7. Nxc6 bxc6 8. a3 Be7 9. 0-0 0-0 10. Be3 d5 11. exd5 cxd5 12. Bg5 d4 13. Bxf6 Bxf6 14. Ne4 Be7 15. c4 f5 16. Nd2 d3 17. Bf3 e4 18. Nxe4 fxe4 19. Bxe4 Rb8 20. Qh5 g6 21. Qd5+ Kg7 22. Qe5+ Bf6 23. Qxb8 Qd4 24. Bd5 Be5 25. Qb4 Qh4 26. g3 Qd4 27. Qe7+ 1-0